=LDR 00000nam 2200000 4500 =001 INLIS000000000005520 =005 20130612093750 =008 ***********************************Ind** =035 ##$$0010-061300000005520 =041 ##$$a Ind =082 ##$$a 220.8 =090 ##$$a 220.8, Kea i =100 ##$$a KEALY, Sean P =245 ##$$a Ilmu pengetahuan dan kitab suci, Sean P. Kealy; Diterjemahkan oleh, J. Sudarminta =260 ##$$a 1994 $b Yogyakarta =300 ##$$a 92 hlm, 21 cm =650 ##$$a Alkitab dan Sains =700 ##$$a SUDARMINTA, J =850 ##$$a NBPNMAT